000 01426nam0a2200313 4500
001 RU\NLR\bibl\1286009
005 20250615142832.0
010 _a978-5-386-00628-0
_95000
021 _aRU
_b2008-65838
_93751
035 _a(NLR Aleph) 001271731
090 _a443383
_c443383
100 _a20081021d2008 |||y0rusy50 ca
101 1 _arus
_ceng
102 _aRU
105 _aa |||||||||
200 1 _aЛучшие мозги в мире
_eголоволомки, тесты, интеллектуальные игры
_fГарет Мур
_g[пер. с англ. Е.В. Колосовой]
210 _aМосква
_cРИПОЛ Классик
_d2008
215 _a192 с.
_cил.
_d20
225 1 _aЛучшие мозги в мире
300 _aНа доп. тит. л.: The 10 minute brain workout: brain-trainig tips, logic tests and puzzles to exercise your mind / Gareth Moore
454 0 _12001#$aThe 10 minute brain workout: brain-trainig tips, logic tests and puzzles to exercise your mind
_1700#1$aMoore$bG.$gGareth$4070
_tThe 10 minute brain workout: brain-trainig tips, logic tests and puzzles to exercise your mind
_aMoore, Gareth
606 1 _aИгры интеллектуальные
_92083159
_3RU\NLR\auth\661259208
686 _aЧ711.259
700 1 _aМур
_bГ.
_gГарет
_4070
801 0 _aRU
_bNLR
_c20081021
_gRCR
801 1 _aRU
_bNLR
_c20081021
942 _cBOOK
980 _aNB